[Event "XXVI Ogolnopolska Olimpiada Mlodziezy"]
[Site "Pulawy"]
[Date "2020.10.08"]
[Round "5.18"]
[White "Wojs, Alicja"]
[Black "Kawa, Anna"]
[Result "0-1"]
[WhiteElo "1392"]
[BlackElo "1152"]
[PlyCount "120"]
[EventDate "2020.10.04"]
[EventType "swiss"]
[Tiebreak "Sum of Buchholz+Median1 Buchholz+Sonneborn-Berger (Swiss)"]

1. e4 Nc6 2. Nc3 d6 3. d4 Nf6 4. h3 e5 5. Nf3 exd4 6. Nxd4 Bd7 7. Bc4 Ne5 8.
Bb3 a6 9. Bf4 Ng6 10. Bg5 Be7 11. O-O h6 12. Be3 b5 13. Bd5 Nxd5 14. Nxd5 O-O
15. f4 c6 16. Nc3 b4 17. Nce2 c5 18. Nf3 Bc6 19. Ng3 Bf6 20. Rb1 Re8 21. f5 Ne5
22. Bf4 Nc4 23. b3 Na3 24. Qxd6 Qxd6 25. Bxd6 Nxb1 26. Rxb1 Bxe4 27. Bxc5 Bxf3
28. gxf3 a5 29. Ne4 Rec8 30. Rd1 Rd8 31. Re1 Rac8 32. Kh1 Bd4 33. Bxd4 Rxd4 34.
f6 Rxc2 35. fxg7 Rxe4 36. Rxe4 Kxg7 37. Rg4+ Kf6 38. Rg2 Rc3 39. Rf2 Kf5 40.
Kg2 Kf4 41. Rd2 Ke3 42. Rf2 Kd3 43. Kg3 Rc2 44. Rf1 Rxa2 45. f4 Ra3 46. Rf3+
Kc2 47. Kg4 Rxb3 48. Rf2+ Kc3 49. Ra2 Ra3 50. Re2 b3 51. Re3+ Kd2 52. Re7 b2
53. Rd7+ Kc2 54. Rc7+ Rc3 55. Rb7 b1=Q 56. Rxb1 Kxb1 57. h4 a4 58. Kh5 Rh3 59.
f5 a3 60. Kg4 Rh1 0-1

[Event "XXVI Ogolnopolska Olimpiada Mlodziezy"]
[Site "Pulawy"]
[Date "2020.10.08"]
[Round "5.19"]
[White "Demski, Michal"]
[Black "Jarocki, Gabriel"]
[Result "0-1"]
[WhiteElo "1809"]
[BlackElo "1510"]
[PlyCount "106"]
[EventDate "2020.10.04"]
[EventType "swiss"]
[Tiebreak "Sum of Buchholz+Median1 Buchholz+Sonneborn-Berger (Swiss)"]

1. e4 c6 2. d4 d5 3. exd5 cxd5 4. Bd3 Nc6 5. c3 Nf6 6. Nf3 Bg4 7. O-O e6 8. Re1
Be7 9. Nbd2 O-O 10. Nf1 Rc8 11. Ng3 Bd6 12. h3 Bxg3 13. hxg4 Bd6 14. g5 Nd7 15.
Nh4 e5 16. dxe5 Ndxe5 17. Bf5 Rc7 18. Qxd5 Ng6 19. Qf3 Nxh4 20. Bxh7+ Kxh7 21.
Qh5+ Kg8 22. Qxh4 Re7 23. Be3 Bb8 24. Red1 Rd7 25. Qg4 Ne5 26. Qe2 Re8 27. Rxd7
Qxd7 28. Rd1 Qg4 29. Qxg4 Nxg4 30. Rd7 Nxe3 31. fxe3 Bg3 32. Rd3 Re7 33. Kf1
Kh7 34. Ke2 Bf4 35. Kf3 Bxg5 36. e4 Kg6 37. Rd6+ f6 38. a4 Bc1 39. b3 Bb2 40.
Rd3 Rc7 41. c4 b6 42. Rd5 a5 43. Rd6 Rb7 44. g4 Ba3 45. Rc6 Kg5 46. e5 fxe5 47.
Re6 Bb2 48. Ke4 Bd4 49. Rc6 Rf7 50. Kd5 Rf3 51. c5 Bxc5 52. Kxe5 Rxb3 53. Rc7
g6 0-1

[Event "XXVI Ogolnopolska Olimpiada Mlodziezy"]
[Site "Pulawy"]
[Date "2020.10.08"]
[Round "5.19"]
[White "Dobosiewicz, Dawid"]
[Black "Jaszczuk, Piotr"]
[Result "1/2-1/2"]
[WhiteElo "1390"]
[BlackElo "1312"]
[PlyCount "74"]
[EventDate "2020.10.04"]
[EventType "swiss"]
[Tiebreak "Sum of Buchholz+Median1 Buchholz+Sonneborn-Berger (Swiss)"]

1. e4 c5 2. Nf3 e6 3. d4 cxd4 4. Nxd4 a6 5. c4 Nf6 6. Nc3 Qc7 7. Be2 b6 8. Be3
Bb7 9. f3 Be7 10. Rc1 d6 11. O-O Nbd7 12. Qd2 O-O 13. Rfd1 Rfe8 14. Qe1 Rac8
15. Qf2 Ne5 16. b3 Ba8 17. Nc2 Ned7 18. Nb4 Nc5 19. Nd3 Nxd3 20. Rxd3 Nd7 21.
Na4 Nc5 22. Nxc5 dxc5 23. Rcd1 Red8 24. Bf1 Rxd3 25. Rxd3 Rd8 26. Qd2 Rxd3 27.
Qxd3 Qd6 28. Kf2 Kf8 29. f4 Qxd3 30. Bxd3 f6 31. g3 Ke8 32. Ke2 Kd7 33. Kd2 Bc6
34. a4 g6 35. Ke2 f5 36. e5 h5 37. h4 a5 1/2-1/2

[Event "XXVI Ogolnopolska Olimpiada Mlodziezy"]
[Site "Pulawy"]
[Date "2020.10.08"]
[Round "5.19"]
[White "Laszczuk, Marcelina"]
[Black "Pietryk, Joanna"]
[Result "0-1"]
[WhiteElo "1104"]
[BlackElo "1387"]
[PlyCount "78"]
[EventDate "2020.10.04"]
[EventType "swiss"]
[Tiebreak "Sum of Buchholz+Median1 Buchholz+Sonneborn-Berger (Swiss)"]

1. e4 c5 2. Nf3 d6 3. d4 cxd4 4. Nxd4 Nf6 5. f3 e5 6. Bb5+ Nbd7 7. Nb3 a6 8.
Bxd7+ Bxd7 9. O-O Be7 10. Be3 Be6 11. Nc3 d5 12. exd5 Nxd5 13. Bf2 Nxc3 14.
bxc3 Qxd1 15. Raxd1 Rc8 16. Be1 Bc4 17. Rf2 Bxb3 18. cxb3 Bc5 19. Kf1 Bxf2 20.
Kxf2 Ke7 21. c4 Rhd8 22. Rxd8 Rxd8 23. Ke2 Ke6 24. g4 g6 25. Ba5 Rd7 26. Bc3 f5
27. h3 e4 28. gxf5+ gxf5 29. fxe4 fxe4 30. Ke1 Rd3 31. Ba5 Rxh3 32. Ke2 Kf5 33.
Kf2 e3+ 34. Kg2 Kg4 35. Kf1 Kf3 36. Kg1 e2 37. c5 Rg3+ 38. Kh1 Kf2 39. c6 Rh3#
0-1

[Event "XXVI Ogolnopolska Olimpiada Mlodziezy"]
[Site "Pulawy"]
[Date "2020.10.08"]
[Round "5.19"]
[White "Tim, Anna"]
[Black "Giemza, Julia"]
[Result "0-1"]
[WhiteElo "1237"]
[BlackElo "1279"]
[PlyCount "88"]
[EventDate "2020.10.04"]
[EventType "swiss"]
[Tiebreak "Sum of Buchholz+Median1 Buchholz+Sonneborn-Berger (Swiss)"]

1. d4 Nf6 2. c4 g6 3. Nc3 Bg7 4. Bg5 O-O 5. e3 d6 6. Bd3 Nc6 7. a3 a5 8. Nge2
e5 9. d5 Ne7 10. e4 Nd7 11. O-O f6 12. Be3 f5 13. f3 f4 14. Bf2 g5 15. Nb1 h5
16. Nd2 Nf6 17. Nc3 Bd7 18. b4 Qe8 19. c5 Qg6 20. cxd6 cxd6 21. Nb5 Ne8 22. Rc1
g4 23. Bh4 Bf6 24. Bxf6 Rxf6 25. Nc7 Rc8 26. Nxe8 Qxe8 27. Rxc8 Qxc8 28. Nc4
Qd8 29. Nxa5 b5 30. Be2 Rg6 31. Qc2 g3 32. h3 Qb6+ 33. Kh1 Bxh3 34. Nc6 Nc8 35.
Bd3 Bd7 36. a4 Bxc6 37. Qxc6 Qd8 38. Kg1 Na7 39. Qb7 Rg7 40. Qa6 Qh4 41. Rd1
Qh2+ 42. Kf1 Qh1+ 43. Ke2 Qxg2+ 44. Ke1 Qf2# 0-1

[Event "XXVI Ogolnopolska Olimpiada Mlodziezy"]
[Site "Pulawy"]
[Date "2020.10.08"]
[Round "5.20"]
[White "Murawski, Milosz"]
[Black "Karwot, Marek"]
[Result "1-0"]
[WhiteElo "1351"]
[BlackElo "1362"]
[PlyCount "85"]
[EventDate "2020.10.04"]
[EventType "swiss"]
[Tiebreak "Sum of Buchholz+Median1 Buchholz+Sonneborn-Berger (Swiss)"]

1. d4 Nf6 2. c4 g6 3. Nc3 d5 4. Bf4 Bg7 5. e3 Na6 6. Nf3 O-O 7. c5 Nb8 8. Be2
b6 9. b4 a5 10. a3 Ne4 11. Nxe4 dxe4 12. Nd2 f5 13. O-O axb4 14. axb4 Rxa1 15.
Qb3+ Kh8 16. Rxa1 e5 17. Ra8 Bb7 18. Rxb8 Qxb8 19. dxe5 Qd8 20. Nf1 Qe7 21.
cxb6 cxb6 22. h3 g5 23. Bh2 f4 24. e6 Be5 25. exf4 gxf4 26. b5 Rg8 27. Ne3 Qg5
28. e7 Qxe7 29. Ng4 Qg5 30. Qe6 Bd4 31. Bc4 Ra8 32. Ba2 h5 33. Nh6 Kh7 34. Qf7+
Bg7 35. Bxf4 Qg6 36. Qxb7 Rxa2 37. Nf7 Rc2 38. Ng5+ Kg8 39. Qd5+ Kf8 40. Qd8+
Qe8 41. Bd6+ Kg8 42. Qxe8+ Bf8 43. Qxf8# 1-0

[Event "XXVI Ogolnopolska Olimpiada Mlodziezy"]
[Site "Pulawy"]
[Date "2020.10.08"]
[Round "5.20"]
[White "Olszewska, Wiktoria"]
[Black "Golinska, Patrycja"]
[Result "1-0"]
[WhiteElo "1317"]
[BlackElo "1264"]
[PlyCount "63"]
[EventDate "2020.10.04"]
[EventType "swiss"]
[Tiebreak "Sum of Buchholz+Median1 Buchholz+Sonneborn-Berger (Swiss)"]

1. e4 e5 2. Nf3 Nc6 3. Bb5 Nf6 4. O-O Bc5 5. d3 d6 6. c3 O-O 7. h3 h6 8. Re1
Ne7 9. d4 Bb6 10. Nbd2 Ng6 11. Nf1 Nh5 12. N3h2 Nhf4 13. Ng4 exd4 14. cxd4 h5
15. Nge3 Qg5 16. Kh1 Bxh3 17. g3 h4 18. gxf4 Nxf4 19. Be2 Ng2 20. Bg4 Bxg4 21.
Nxg4 Nf4 22. Qf3 f5 23. Bxf4 fxg4 24. Qb3+ Kh8 25. Bxg5 Rxf2 26. Bxh4 Rf3 27.
Re3 Rf4 28. Bg3 Rf6 29. Re2 Raf8 30. Nd2 Bxd4 31. Rh2+ Rh6 32. Rxh6+ 1-0

[Event "XXVI Ogolnopolska Olimpiada Mlodziezy"]
[Site "Pulawy"]
[Date "2020.10.08"]
[Round "5.20"]
[White "Podlewski, Szymon"]
[Black "Ciszewski, Krzysztof"]
[Result "1/2-1/2"]
[WhiteElo "1526"]
[BlackElo "1784"]
[PlyCount "105"]
[EventDate "2020.10.04"]
[EventType "swiss"]
[Tiebreak "Sum of Buchholz+Median1 Buchholz+Sonneborn-Berger (Swiss)"]

1. c4 e5 2. Nc3 Nf6 3. d3 Nc6 4. g3 d6 5. Bg2 Be7 6. Nf3 h6 7. O-O Be6 8. Rb1
g5 9. b4 Rb8 10. Qa4 Nd7 11. b5 Nc5 12. Qa3 Nd4 13. Nxd4 exd4 14. Nd5 h5 15.
Nxe7 Qxe7 16. Bb2 h4 17. Bxd4 Rh7 18. Bxc5 dxc5 19. Qxa7 Rd8 20. Qxb7 hxg3 21.
fxg3 Bh3 22. Bxh3 Rxh3 23. Qe4 Qxe4 24. dxe4 Rd2 25. Kg2 Rh6 26. Rf2 Rxa2 27.
Rc1 Re6 28. Kf3 Ke7 29. Rc3 Ra4 30. Ke3 f6 31. Rf5 Re5 32. Rxe5+ fxe5 33. Kf3
Ra2 34. h3 Kf6 35. e3 Rh2 36. Kg4 Re2 37. Ra3 Rc2 38. Ra6+ Ke7 39. Kxg5 Rxc4
40. Kf5 Rc3 41. Kxe5 Rxe3 42. Kf4 Rb3 43. Rc6 Rxb5 44. Rxc7+ Kd6 45. Rc8 Kd7
46. Ra8 c4 47. Ra7+ Kc6 48. Ra2 Kc5 49. Rc2 Kd4 50. g4 c3 51. e5 Rb2 52. Rxc3
Kxc3 53. Ke3 1/2-1/2

[Event "XXVI Ogolnopolska Olimpiada Mlodziezy"]
[Site "Pulawy"]
[Date "2020.10.08"]
[Round "5.20"]
[White "Semeradt, Michalina"]
[Black "Marczyk, Kinga"]
[Result "0-1"]
[WhiteElo "1071"]
[BlackElo "1306"]
[PlyCount "94"]
[EventDate "2020.10.04"]
[EventType "swiss"]
[Tiebreak "Sum of Buchholz+Median1 Buchholz+Sonneborn-Berger (Swiss)"]

1. d4 Nf6 2. Bg5 e6 3. e4 h6 4. Bxf6 Qxf6 5. e5 Qd8 6. Nf3 d5 7. c3 c5 8. a3 a5
9. Be2 Nc6 10. O-O Qb6 11. Qd2 Bd7 12. Bd1 Be7 13. Re1 Rc8 14. h3 Na7 15. a4
Nc6 16. b3 cxd4 17. Nxd4 Nxd4 18. Qxd4 Qxd4 19. cxd4 Bb4 20. Rf1 b5 21. Be2
bxa4 22. bxa4 Ke7 23. Rd1 Rc7 24. Bf1 Rhc8 25. Nd2 Rc2 26. Nf3 R8c7 27. Bd3
R2c3 28. Bf1 Ba3 29. Bb5 Bxb5 30. axb5 Bb4 31. b6 Rb7 32. Rac1 Rxb6 33. Rxc3
Bxc3 34. Rc1 Rc6 35. Rb1 Bb4 36. Ra1 Kd7 37. Kf1 Ra6 38. Ra4 Rc6 39. Ke2 Rc2+
40. Ke3 Kc6 41. Ra1 Kb5 42. g4 a4 43. h4 a3 44. g5 a2 45. gxh6 gxh6 46. Nh2 Bc3
47. Rxa2 Rxa2 0-1

[Event "XXVI Ogolnopolska Olimpiada Mlodziezy"]
[Site "Pulawy"]
[Date "2020.10.08"]
[Round "5.21"]
[White "Bury, Milosz"]
[Black "Zalega, Maciej"]
[Result "1-0"]
[WhiteElo "1436"]
[BlackElo "1713"]
[PlyCount "59"]
[EventDate "2020.10.04"]
[EventType "swiss"]
[Tiebreak "Sum of Buchholz+Median1 Buchholz+Sonneborn-Berger (Swiss)"]

1. e4 c5 2. Nf3 d6 3. d4 cxd4 4. Qxd4 Nc6 5. Bb5 Bd7 6. Bxc6 Bxc6 7. Nc3 Nf6 8.
Bg5 h6 9. Bxf6 gxf6 10. O-O-O e6 11. Nd2 b5 12. Rhe1 a5 13. f4 Rg8 14. g3 Be7
15. f5 b4 16. Ncb1 e5 17. Qd3 d5 18. exd5 Qxd5 19. Nc4 Qxd3 20. Rxd3 Bb5 21.
Nd6+ Bxd6 22. Rxd6 Ke7 23. Red1 Rg5 24. Rb6 Bd7 25. Rb7 Rd8 26. Nd2 Rg4 27. Nb3
a4 28. Nc5 Rd4 29. Rxd4 exd4 30. Kd2 1-0

[Event "XXVI Ogolnopolska Olimpiada Mlodziezy"]
[Site "Pulawy"]
[Date "2020.10.08"]
[Round "5.21"]
[White "Kokot, Agnieszka"]
[Black "Peksa, Zuzanna"]
[Result "0-1"]
[WhiteElo "1244"]
[BlackElo "1267"]
[PlyCount "100"]
[EventDate "2020.10.04"]
[EventType "swiss"]
[Tiebreak "Sum of Buchholz+Median1 Buchholz+Sonneborn-Berger (Swiss)"]

1. d4 d5 2. Nf3 c6 3. Bf4 e6 4. e3 f5 5. c4 Nf6 6. Ne5 Bb4+ 7. Nc3 Qa5 8. Qb3
O-O 9. a3 c5 10. dxc5 Bxc3+ 11. Qxc3 Qxc5 12. b4 Qe7 13. c5 Ne4 14. Qc2 Qf6 15.
Rc1 g5 16. Bxg5 Qxg5 17. c6 f4 18. exf4 Qxf4 19. cxb7 Bxb7 20. Nd3 Qf7 21. f3
Nd6 22. Ne5 Qf4 23. Nd3 Qe3+ 24. Qe2 Qxe2+ 25. Bxe2 Nd7 26. Nc5 Nxc5 27. bxc5
Rac8 28. O-O Nf5 29. Bb5 Nd4 30. a4 a6 31. Bd3 Nb3 32. Rc3 Nxc5 33. a5 Nxd3 34.
Rxd3 Kf7 35. Re1 Bc6 36. Re5 Bb5 37. Rde3 Rc1+ 38. Re1 Rxe1+ 39. Rxe1 Kf6 40.
f4 Rc8 41. Re3 Rc4 42. Rh3 Rxf4 43. g3 Rf1+ 44. Kg2 Kg6 45. Rh4 h5 46. g4 hxg4
47. Rxg4+ Kf5 48. Rb4 Rf4 49. Rb3 Ra4 50. Kf3 e5 0-1

[Event "XXVI Ogolnopolska Olimpiada Mlodziezy"]
[Site "Pulawy"]
[Date "2020.10.08"]
[Round "5.21"]
[White "Mansz, Martyna"]
[Black "Predkiewicz, Paulina"]
[Result "0-1"]
[WhiteElo "1054"]
[BlackElo "1243"]
[PlyCount "118"]
[EventDate "2020.10.04"]
[EventType "swiss"]
[Tiebreak "Sum of Buchholz+Median1 Buchholz+Sonneborn-Berger (Swiss)"]

1. d4 d5 2. Nf3 e6 3. b3 Be7 4. e3 Nf6 5. Bd3 O-O 6. Bb2 Nbd7 7. Nbd2 b6 8. O-O
Bb7 9. Ne5 Rc8 10. f4 c5 11. dxc5 Nxc5 12. Be2 Nce4 13. Bd3 Nc3 14. Qe1 Nfe4
15. Bxc3 Nxc3 16. Qg3 Bf6 17. Rae1 g6 18. Qh3 a6 19. Ng4 Bg7 20. Nf3 Ne4 21.
Bxe4 dxe4 22. Rd1 Qe7 23. Ng5 h5 24. Nf2 Rxc2 25. g4 Bh6 26. Nfxe4 Bxg5 27. Rf3
Bxe4 28. Rg3 hxg4 29. Qxg4 Bf6 30. f5 Bxf5 31. Qf4 Bh4 32. Rf3 Qg5+ 33. Qxg5
Bxg5 34. Re1 e5 35. e4 Be6 36. a3 Rb2 37. b4 Bf4 38. h4 Rb3 39. Rxb3 Bxb3 40.
Kf2 Rd8 41. Rb1 Bc2 42. Re1 Rd3 43. Kg2 Rxa3 44. Re2 Bd3 45. Re1 Rb3 46. Kf3
Rxb4 47. h5 gxh5 48. Rg1+ Kf8 49. Re1 a5 50. Rd1 Bxe4+ 51. Ke2 Rb2+ 52. Kf1 Rb1
53. Rxb1 Bxb1 54. Ke2 a4 55. Kd1 a3 56. Ke2 a2 57. Kf2 a1=Q 58. Kg2 Qa2+ 59.
Kh3 Qh2# 0-1

[Event "XXVI Ogolnopolska Olimpiada Mlodziezy"]
[Site "Pulawy"]
[Date "2020.10.08"]
[Round "5.21"]
[White "Wandor, Adam"]
[Black "Brozynski, Patryk"]
[Result "1-0"]
[WhiteElo "1308"]
[BlackElo "1734"]
[PlyCount "75"]
[EventDate "2020.10.04"]
[EventType "swiss"]
[Tiebreak "Sum of Buchholz+Median1 Buchholz+Sonneborn-Berger (Swiss)"]

1. d4 d6 2. c4 g6 3. Nc3 Bg7 4. e4 Nd7 5. h3 e5 6. d5 Ne7 7. Be3 a5 8. g4 O-O
9. f3 Nc5 10. Qc2 f5 11. Nge2 fxg4 12. fxg4 Rf3 13. Qd2 Qf8 14. Bg2 Rf7 15.
O-O-O Bd7 16. Rhf1 b6 17. Rxf7 Qxf7 18. Rf1 Qe8 19. Ng3 a4 20. Kb1 a3 21. b3
Ra7 22. Bh6 Bxh6 23. Qxh6 Nd3 24. Nge2 b5 25. Nxb5 Bxb5 26. cxb5 Rb7 27. h4
Rxb5 28. Bh3 Qb8 29. Kc2 Nb4+ 30. Kd2 Rc5 31. g5 Rc2+ 32. Kd1 Nf5 33. Bxf5 gxf5
34. g6 hxg6 35. Qxg6+ Kh8 36. Qh6+ Kg8 37. Rg1+ Kf7 38. Rg7+ 1-0

[Event "XXVI Ogolnopolska Olimpiada Mlodziezy"]
[Site "Pulawy"]
[Date "2020.10.08"]
[Round "5.22"]
[White "Dumin, Karolina"]
[Black "Biniak, Zuzanna"]
[Result "1/2-1/2"]
[WhiteElo "1014"]
[BlackElo "1339"]
[PlyCount "105"]
[EventDate "2020.10.04"]
[EventType "swiss"]
[Tiebreak "Sum of Buchholz+Median1 Buchholz+Sonneborn-Berger (Swiss)"]

1. d4 Nf6 2. c4 d6 3. Nc3 g6 4. Nf3 Bg7 5. Bg5 O-O 6. Qd2 c6 7. Bh6 Nbd7 8. b3
e5 9. Bxg7 Kxg7 10. dxe5 dxe5 11. Rd1 Qc7 12. e3 e4 13. Nd4 a5 14. Nc2 Nc5 15.
Qd6 Qxd6 16. Rxd6 Be6 17. g3 Rfd8 18. Rd1 Bg4 19. Be2 Nd3+ 20. Kf1 Bh3+ 21. Kg1
Ne5 22. Ne1 Rxd1 23. Nxd1 Rd8 24. Nc3 g5 25. Bf1 g4 26. Bxh3 gxh3 27. Kf1 Nf3
28. Nxe4 Nxe4 29. Nxf3 Nd2+ 30. Ke2 Ne4 31. Rc1 b5 32. cxb5 cxb5 33. a3 b4 34.
axb4 axb4 35. Nd4 Nc3+ 36. Kf3 Ra8 37. Kg4 Ra2 38. Rc2 Kg6 39. Rxa2 Nxa2 40.
Nc6 Nc1 41. Nxb4 Nxb3 42. Kxh3 Nd2 43. Kg2 Ne4 44. h4 f5 45. Nd3 Kf6 46. Nf4 h6
47. f3 Nd6 48. g4 fxg4 49. fxg4 Nc4 50. Kf2 Ne5 51. Kg3 Nc4 52. Kf3 Ne5+ 53.
Kg3 1/2-1/2

[Event "XXVI Ogolnopolska Olimpiada Mlodziezy"]
[Site "Pulawy"]
[Date "2020.10.08"]
[Round "5.22"]
[White "Dzierzgowska, Jagoda"]
[Black "Kicinska, Anna"]
[Result "1/2-1/2"]
[WhiteElo "1109"]
[BlackElo "1170"]
[PlyCount "112"]
[EventDate "2020.10.04"]
[EventType "swiss"]
[Tiebreak "Sum of Buchholz+Median1 Buchholz+Sonneborn-Berger (Swiss)"]

1. d4 d5 2. Nf3 Nf6 3. e3 Bf5 4. Bd3 Bxd3 5. Qxd3 c6 6. b3 e6 7. Bb2 Bb4+ 8. c3
Bd6 9. Nbd2 Nbd7 10. O-O O-O 11. a3 c5 12. Rfc1 Rb8 13. c4 a6 14. a4 h6 15. h3
Re8 16. Ne5 Qe7 17. Nxd7 Nxd7 18. cxd5 cxd4 19. dxe6 Qxe6 20. Bxd4 Be5 21. Bxe5
Nxe5 22. Qe2 Nc6 23. Qc4 Qd6 24. Rd1 Ne5 25. Qf4 Qe6 26. Qe4 Qf6 27. Qf4 Qg6
28. Nf3 Nxf3+ 29. Qxf3 Qc2 30. Rab1 Kh7 31. Rdc1 Qg6 32. Qe2 Rec8 33. Qd1 b5
34. axb5 axb5 35. Qd5 f6 36. e4 Rxc1+ 37. Rxc1 Qe8 38. b4 Qe7 39. Rc5 Qe8 40.
Qf5+ Kg8 41. Qd5+ Kh8 42. Rc7 Ra8 43. Qd7 Ra1+ 44. Kh2 Qxd7 45. Rxd7 Rb1 46.
Rd4 Rb2 47. f3 Kh7 48. Kg3 Kg6 49. h4 h5 50. Kh3 Kh6 51. f4 Rb3+ 52. g3 Kg6 53.
f5+ Kh6 54. Rd8 Kh7 55. Rd4 Rb2 56. g4 Rb3+ 1/2-1/2

[Event "XXVI Ogolnopolska Olimpiada Mlodziezy"]
[Site "Pulawy"]
[Date "2020.10.08"]
[Round "5.22"]
[White "Hryniewicz, Maciej"]
[Black "Bartoszczuk, Adam"]
[Result "1-0"]
[WhiteElo "1277"]
[BlackElo "1439"]
[PlyCount "77"]
[EventDate "2020.10.04"]
[EventType "swiss"]
[Tiebreak "Sum of Buchholz+Median1 Buchholz+Sonneborn-Berger (Swiss)"]

1. e4 c5 2. Nf3 e6 3. d4 cxd4 4. Nxd4 a6 5. Bd3 Nf6 6. O-O Qc7 7. c4 Be7 8. Nc3
d6 9. Be3 O-O 10. Qe2 Nbd7 11. f4 b6 12. Rac1 Bb7 13. b4 Rac8 14. a3 Qb8 15. h3
Qa8 16. Bd2 Ne8 17. g3 Nc7 18. Kh2 Rfe8 19. g4 d5 20. cxd5 exd5 21. e5 Bf8 22.
g5 a5 23. Qg4 Ne6 24. Nxe6 fxe6 25. Bxh7+ Kxh7 26. g6+ Kg8 27. Qh4 Bxb4 28.
Qh7+ Kf8 29. Qh8+ Ke7 30. Qh4+ Kf8 31. axb4 Ba6 32. b5 d4 33. bxa6 dxc3 34. Be1
Qxa6 35. Qh8+ Ke7 36. Bh4+ Nf6 37. Qxg7+ Kd8 38. Bxf6+ Re7 39. Qxe7# 1-0

[Event "XXVI Ogolnopolska Olimpiada Mlodziezy"]
[Site "Pulawy"]
[Date "2020.10.08"]
[Round "5.22"]
[White "Rzenca, Jerzy"]
[Black "Karut, Kacper"]
[Result "1/2-1/2"]
[WhiteElo "1584"]
[BlackElo "1657"]
[PlyCount "60"]
[EventDate "2020.10.04"]
[EventType "swiss"]
[Tiebreak "Sum of Buchholz+Median1 Buchholz+Sonneborn-Berger (Swiss)"]

1. e4 c5 2. Nc3 Nc6 3. f4 g6 4. Nf3 Bg7 5. Bb5 Nd4 6. O-O Nxb5 7. Nxb5 d5 8. e5
a6 9. Nc3 e6 10. d3 Ne7 11. b3 b5 12. Ne2 Bb7 13. c4 d4 14. cxb5 axb5 15. Qc2
Qb6 16. Ng3 O-O 17. Ng5 Rfc8 18. N5e4 Bxe4 19. Nxe4 Rc7 20. Kh1 Rac8 21. Nd6
Rd8 22. a4 bxa4 23. bxa4 Nd5 24. Bd2 Ra8 25. Rfb1 Nb4 26. Bxb4 cxb4 27. Nc4 Qc5
28. Qb2 Bf8 29. Rc1 Qa7 30. h3 Bc5 1/2-1/2

[Event "XXVI Ogolnopolska Olimpiada Mlodziezy"]
[Site "Pulawy"]
[Date "2020.10.08"]
[Round "5.23"]
[White "Kejna, Piotr"]
[Black "Leski, Franciszek"]
[Result "1/2-1/2"]
[WhiteElo "1772"]
[BlackElo "1379"]
[PlyCount "115"]
[EventDate "2020.10.04"]
[EventType "swiss"]
[Tiebreak "Sum of Buchholz+Median1 Buchholz+Sonneborn-Berger (Swiss)"]

1. e4 c5 2. Nf3 Nc6 3. d4 cxd4 4. Nxd4 Nf6 5. Nc3 e5 6. Ndb5 Bb4 7. Nd6+ Ke7 8.
Nf5+ Kf8 9. Ng3 d5 10. exd5 Qxd5 11. Bd2 Bxc3 12. Bxc3 Be6 13. Be2 Rd8 14. Bf3
Qc5 15. Qe2 Bc4 16. Qe3 Qxe3+ 17. fxe3 Nd5 18. Bxd5 Bxd5 19. Kf2 f6 20. Rad1
Kf7 21. Rd2 Be6 22. Rhd1 Rc8 23. Ne4 Rc7 24. Rd6 b6 25. b3 h6 26. R6d3 Rb8 27.
Nd6+ Ke7 28. h3 a6 29. R3d2 b5 30. Bb2 Nd8 31. c4 b4 32. Rd3 Nc6 33. a3 a5 34.
Nb5 Rd7 35. Rxd7+ Bxd7 36. e4 Nd8 37. Nc7 Ne6 38. Nxe6 Bxe6 39. axb4 axb4 40.
Ra1 Bd7 41. Ra7 Kd6 42. Bc1 h5 43. Ke3 Kc6 44. Bd2 Kd6 45. Be1 g6 46. Bf2 Bc6
47. Rg7 g5 48. Ra7 Ra8 49. Kd3 Rxa7 50. Bxa7 h4 51. Bb6 f5 52. exf5 Bxg2 53.
Be3 Bxh3 54. Bxg5 Bxf5+ 55. Ke3 h3 56. Kf3 Bc2 57. Kg3 Bxb3 58. Bd2 1/2-1/2

[Event "XXVI Ogolnopolska Olimpiada Mlodziezy"]
[Site "Pulawy"]
[Date "2020.10.08"]
[Round "5.23"]
[White "Kicinska, Magdalena"]
[Black "Karys, Katarzyna"]
[Result "1/2-1/2"]
[WhiteElo "1216"]
[BlackElo "1132"]
[PlyCount "76"]
[EventDate "2020.10.04"]
[EventType "swiss"]
[Tiebreak "Sum of Buchholz+Median1 Buchholz+Sonneborn-Berger (Swiss)"]

1. d4 d5 2. Nf3 Nf6 3. Bg5 e6 4. Nbd2 h6 5. Bh4 Be7 6. Bxf6 Bxf6 7. e3 a6 8.
Bd3 Nc6 9. c3 O-O 10. O-O e5 11. dxe5 Nxe5 12. Nxe5 Bxe5 13. Nf3 Qd6 14. Bc2
Bg4 15. h3 Bh5 16. Qe2 c6 17. Rad1 Qf6 18. g4 Bg6 19. Nxe5 Bxc2 20. Nd7 Qd6 21.
Qxc2 Qxd7 22. e4 Qe6 23. exd5 cxd5 24. Qb3 Rfd8 25. Rfe1 Qc6 26. Re5 Rac8 27.
Rexd5 Rxd5 28. Qxd5 Qb6 29. Qf5 Re8 30. Rd7 Re1+ 31. Kg2 Qc6+ 32. f3 f6 33.
Rd8+ Re8 34. Rxe8+ Qxe8 35. Qd5+ Kh8 36. Qxb7 Qe2+ 37. Kg3 Qe1+ 38. Kg2 Qe2+
1/2-1/2

[Event "XXVI Ogolnopolska Olimpiada Mlodziezy"]
[Site "Pulawy"]
[Date "2020.10.08"]
[Round "5.23"]
[White "Oleksiuk, Anna"]
[Black "Czarkowska, Dalia"]
[Result "1-0"]
[WhiteElo "1167"]
[BlackElo "1087"]
[PlyCount "139"]
[EventDate "2020.10.04"]
[EventType "swiss"]
[Tiebreak "Sum of Buchholz+Median1 Buchholz+Sonneborn-Berger (Swiss)"]

1. e4 c5 2. Nf3 Nc6 3. d4 cxd4 4. Nxd4 Qc7 5. Nc3 a6 6. Bc4 e6 7. O-O Nf6 8.
Bg5 Be7 9. Re1 b5 10. Bb3 Bb7 11. a3 O-O 12. Nxc6 dxc6 13. Qe2 c5 14. Red1 c4
15. Ba2 Rad8 16. e5 Nd5 17. Nxd5 Bxd5 18. Bf4 Qc6 19. Qg4 Be4 20. c3 Rxd1+ 21.
Rxd1 f5 22. Qg3 Kh8 23. Bb1 Bd5 24. Qh3 g5 25. Bd2 g4 26. Qg3 Bc5 27. Bg5 Kg8
28. Bf6 Rf7 29. h3 h5 30. Qh4 Rh7 31. Qg5+ Kf7 32. Bd8 Kf8 33. Qf6+ Ke8 34.
Qg6+ Rf7 35. Bf6 Qb6 36. Qg8+ Rf8 37. Qg6+ Rf7 38. Qg8+ Rf8 39. Qg6+ Rf7 40.
Qg8+ Bf8 41. Bxf5 g3 42. Qxg3 exf5 43. Rxd5 f4 44. Qg8 Rxf6 45. exf6 Qxf6 46.
Qh7 Qe6 47. Qxh5+ Ke7 48. Qh7+ Ke8 49. Qh5+ Ke7 50. Qg5+ Qf6 51. Re5+ Kf7 52.
Rf5 Be7 53. Rxf6+ Bxf6 54. Qxf4 Kg6 55. h4 Bg7 56. Qd6+ Kh5 57. Qxa6 Kxh4 58.
Qxb5 Bf6 59. Qxc4+ Kg5 60. a4 Kf5 61. a5 Be5 62. a6 Kf6 63. a7 Ke7 64. a8=R Kd6
65. Rd8+ Ke7 66. Qd5 Kf6 67. Rf8+ Kg6 68. Qe6+ Kh7 69. Rf7+ Kg8 70. Qe8# 1-0

[Event "XXVI Ogolnopolska Olimpiada Mlodziezy"]
[Site "Pulawy"]
[Date "2020.10.08"]
[Round "5.23"]
[White "Zieba, Hubert"]
[Black "Stepinski, Piotr"]
[Result "1-0"]
[WhiteElo "1424"]
[BlackElo "1197"]
[PlyCount "67"]
[EventDate "2020.10.04"]
[EventType "swiss"]
[Tiebreak "Sum of Buchholz+Median1 Buchholz+Sonneborn-Berger (Swiss)"]

1. c4 c5 2. Nc3 Nc6 3. Nf3 Nf6 4. g3 g6 5. Bg2 Bg7 6. O-O O-O 7. d4 cxd4 8.
Nxd4 a6 9. Nc2 d6 10. b3 Bf5 11. e4 Bd7 12. Bb2 Qc8 13. Ne3 Bh3 14. Qd2 Bxg2
15. Kxg2 Ne5 16. Ncd5 Ned7 17. Nxe7+ Kh8 18. Nxc8 Raxc8 19. f3 Kg8 20. Rad1 Nh5
21. Bxg7 Nxg7 22. Qxd6 Nb8 23. Ng4 Nc6 24. Nf6+ Kh8 25. Qf4 Ne8 26. Nxe8 Rcxe8
27. Rd7 Ne5 28. Rxb7 f6 29. Rd1 g5 30. Qf5 Nf7 31. Rdd7 Kg8 32. Qd5 f5 33. Rxf7
Kh8 34. Rxh7# 1-0

[Event "XXVI Ogolnopolska Olimpiada Mlodziezy"]
[Site "Pulawy"]
[Date "2020.10.08"]
[Round "5.24"]
[White "Gawlik, Olivier"]
[Black "Kowalski, Witold"]
[Result "1/2-1/2"]
[WhiteElo "1115"]
[BlackElo "1330"]
[PlyCount "89"]
[EventDate "2020.10.04"]
[EventType "swiss"]
[Tiebreak "Sum of Buchholz+Median1 Buchholz+Sonneborn-Berger (Swiss)"]

1. e4 c5 2. Nf3 e6 3. d4 cxd4 4. Nxd4 Nc6 5. Be3 Nf6 6. f3 d5 7. Nxc6 bxc6 8.
exd5 cxd5 9. Bd3 Bd6 10. Nc3 a6 11. O-O O-O 12. Kh1 Bb7 13. Qe1 Re8 14. Qh4 h6
15. Ne2 e5 16. Ng3 Ne4 17. Qxd8 Nxg3+ 18. hxg3 Raxd8 19. Bf2 g6 20. c3 Rd7 21.
Bc2 Rde7 22. Rad1 Rd8 23. Bb6 Bc7 24. Bc5 Re6 25. Rfe1 f5 26. Be3 Kg7 27. Bd4
Kf7 28. Be3 e4 29. fxe4 fxe4 30. Rf1+ Kg7 31. g4 Bb6 32. Bxb6 Rxb6 33. Bb3 Re6
34. Rfe1 a5 35. Rd4 e3 36. Bd1 Bc6 37. Bf3 Re5 38. c4 g5 39. cxd5 Bb5 40. a4
Ba6 41. d6 e2 42. d7 Re7 43. Bc6 Rf7 44. Bf3 Re7 45. Rd2 1/2-1/2